|
|
|
|
| LEADER |
00926pam a22002538a 4500 |
| 001 |
00024786 |
| 005 |
20171026081022.0 |
| 008 |
110723s2007 ||||||viesd |
| 020 |
|
|
|c 15000
|
| 041 |
0 |
# |
|a vie
|
| 082 |
1 |
4 |
|a 320.407 1
|b NH556V
|
| 110 |
1 |
# |
|a Vụ giáo dục trung học
|
| 245 |
0 |
0 |
|a Những vấn đề chung về đổi mới giáo dục trung học cơ sở môn giáo dục công dân
|
| 260 |
# |
# |
|a H.
|b Giáo dục
|c 2007
|
| 300 |
# |
# |
|a 143tr.
|c 24cm.
|
| 500 |
# |
# |
|a ĐTTS ghi: Bộ GD và ĐT. Vụ giáo dục trung học
|
| 653 |
# |
# |
|a giáo dục
|
| 653 |
# |
# |
|a giáo dục công dân
|
| 653 |
# |
# |
|a trung học cơ sở
|
| 852 |
# |
# |
|b Kho giáo trình
|j KGT.0017971, KGT.0017972
|
| 852 |
# |
# |
|b Kho mượn
|j KGT.0017971
|
| 852 |
# |
# |
|j KGT.0017971
|j KGT.0017972
|
| 910 |
|
|
|d 23/07/2011
|
| 980 |
# |
# |
|a Trung tâm Học liệu Lê Vũ Hùng, Trường Đại học Đồng Tháp
|